000 01189cam a2200301 a 4500
001 000011040
005 20200929162339.0
008 970530s1996 cu a b 000 0 spa
020 _a9590400426
040 _aDO-SdBNP
_bspa
_cDLC
_dBNPHU
082 _a574.5
_bR816e
100 1 _aRosenzvaig, Eduardo,
_b1951-
_926490
245 1 0 _aEtnias y árboles :
_bhistoria del universo ecológico Gran Chaco /
_cEduardo Rosenzvaig ; edición, Clara Hernández.
260 _aLa Habana, (Cuba) :
_bColcultura ;
_bCasa de las Américas,
_c1996.
300 _a618 p. :
_bil. ;
_c19 cm.
490 1 _aEnsayo histórico-social
504 _aBibliografía: (p. [596]-614).
586 _a"Premio Casa de las Américas, 1996."
650 4 _aEcología humana
_zGran Chaco (Región{Rpara}
_xHistoria
_926491
650 4 _aEcología y ética
_926492
651 4 _aGran Chaco (Región{Rpara}
_xCondiciones Económicas
_926493
650 4 _aIndios de sur américa
_zGran Chaco (Región{Rpara}
_xHistoria
_926494
700 1 _aHernández, Clara,
_eed.
_94129
710 2 _aCasa de las Américas
_926495
830 0 _aEnsayo histórico-social.
_926496
910 _aCatalogación por copia / LC
049 _aBNGR
999 _c10772
_d10772